Responses for show #2003 - Wednesday, April 28, 1993

Contestants

Pamela Miller, a legal secretary from El Cerrito, California

Rob Cook, a grad student originally from Bakersfield, California

Steve Ricker, an exporter from Laguna Beach, California (whose 1-day cash winnings total $9,301)

Jeopardy! Round responses

WORLD CITIES
NO. 2 HITS
AMERICAN ORGANIZATIONS
WOMEN DISCOVERERS
THE B&O
WORD ORIGINS
    $100 1
Paris

Steve
    $100 7
his blue suede shoes

Pamela
    $100 22
Triple A (the American Automobile Association)

Steve
    $100 12
champagne

Pamela
    $100 18
horses

Pamela
    $100 6
a purse

Rob
    $200 2
(Pamela: What is Warsaw?)

Vienna

RobPamela
    $200 8
(Rob: What is Goodbye [*]?)

Yellow Brick Road

Rob
    $200 25
(Rob: What is the SPCA?)
(Alex: Be more specific on that.)

the American SPCA

Rob
    $200 13
Beatrix Potter

Pamela
    $200 19
air conditioning

Rob
    $200 15
a bing

Pamela
    $300 3
Sydney

Steve
    $300 9
The Everly Brothers

Rob
    $300 26
the American Bar Association

Triple Stumper
    $300 14
indigo

Steve
    $300 20
the Monopoly board

Steve
    $300 21
(Rob: What is a mink?)

an ermine

RobPamela
    $400 4
Brussels

Steve
    $400 10
(Pamela: What is "I'm All Alone"?)

"Only The Lonely"

Pamela
Triple Stumper
    $400 27
the American Indian Movement

Pamela
    $400 16
a computer

Pamela
    $400 29
the Erie Canal

Rob
    $400 23
(Pamela: What is a bludgeon?)

a shillelagh

RobPamela
    $800 5
Kiev

Steve
    $500 11
(Steve: What is "The Only"?)

My Everything

SteveRob
    $500 28
the ACLU (the American Civil Liberties Union)

Pamela
    $500 17
DNA

Pamela
    $500 30
(Pamela: What was the Chicago & Ohio?)

the Chesapeake & Ohio

Pamela
Triple Stumper
    $500 24
a fritter

Pamela

Scores at the first commercial break (after clue 13):

Steve Rob Pamela
$1,100 $1,300 -$200

Scores at the end of the Jeopardy! Round:

Steve Rob Pamela
$1,800 $2,200 $1,800

Double Jeopardy! Round responses

THE 1950s
ISLANDS
U.S. GOVERNMENT & POLITICS
THEATRE HISTORY
THE CRUSADES
"WILD" THINGS
    $200 2
Milwaukee

Rob
    $200 13
(Steve: What is Santo Domingo?)

Hispaniola

SteveRob
    $200 1
Rome

Rob
    $200 12
the cross

Rob
    $200 8
wild oats

Rob
    $400 3
Dennis the Menace

Rob
    $400 14
Sicily

Steve
    $400 5
Director

Pamela
    $400 15
Jerusalem

Rob
    $400 10
wild rice

Pamela
    $600 4
(Fulgencio) Batista

Steve
    $600 16
Greenland

Pamela
    $3,000 26
[The end-of-round signal sounds.]

Arkansas

Steve
    $600 7
(Steve: Who is, um...)

Moliere

Steve
Triple Stumper
    $600 19
(Alex: Yes, the United Arab Republic.)

Syria & Egypt

Rob
    $600 11
the wild boar

Steve
    $800 6
John Glenn

Triple Stumper
    $800 20
(Pamela: What are the Farallones? Oh, Falkans! Falklands!)

Tierra del Fuego

RobPamela
    $800 17
Ben Jonson

Steve
    $800 24
Richard

Steve
    $800 22
"I'm Just Wild About Harry"

Pamela
    $1000 9
Jackson Pollock

Pamela
    $600 21
(Alex: We've got about a minute to go in the round.)

New Zealand

Rob
    $1000 18
Bertolt Brecht

Steve
    $1000 25
Peter the Hermit (Pierre l'Ermite)

Triple Stumper
    $1000 23
The Wild Bunch

Rob

Scores at the end of the Double Jeopardy! Round:

Steve Rob Pamela
$8,200 $7,000 $4,200

[wagering suggestions for these scores]

Final Jeopardy! Round responses

MODERN NOVELS
PamelaWhat is Russia?
$0
RobWhat is Poland?
$2,000
SteveWhat is Poland?
$5,801
Poland

Final scores:

Steve Rob Pamela
$14,001 $9,000 $4,200
2-day champion: $23,302 2nd place: trip on Delta & stay at Puerta Vallarta Camino Real in Mexico + Jeopardy! home game 3rd place: Dictomatic talking translator & Jeopardy! + Wheel of Fortune for Super Nintendo & Sega Genesis + Jeopardy! home game

Game dynamics:

Coryat scores:

Steve Rob Pamela
$5,500 $7,400 $4,200
14 R
(including 2 DDs),
3 W
20 R
(including 1 DD),
1 W
16 R,
5 W

Combined Coryat: $17,100

The J! Archive is created by fans, for fans. The Jeopardy! game show and all elements thereof, including but not limited to copyright and trademark thereto, are the property of Jeopardy Productions, Inc. and are protected under law. This website is not affiliated with, sponsored by, or operated by Jeopardy Productions, Inc. Join the discussion at JBoard.tv.